000 004310000a22001810004500
003 MACL
005 20150828154633.0
008 150828b xxu||||| |||| 00| 0 eng d
040 _aMACL
_cMACL
041 _aEnglish
082 _a792/MOH
100 _aMohapatra, Sitakant
_97909
245 _aChhau Dance Of Mayurbhanj
260 _bVidyapuri
_c1993
_aBhubaneswar
350 _a75
650 _aArts
_97910
942 _cBK
_k792
_2ddc
999 _c3181
_d3181